Normal view
MARC view
- Khalid Masood Khan
Entry Personal Name
001 - CONTROL NUMBER
- control field: 28416
003 - CONTROL NUMBER IDENTIFIER
- control field: NUST
005 - DATE AND TIME OF LATEST TRANSACTION
- control field: 20200210130015.0
008 - FIXED-LENGTH DATA ELEMENTS
- fixed length control field: 200210|| aca||aabn | a|a d
040 ## - CATALOGING SOURCE
- Original cataloging agency: NUST
- Transcribing agency: NUST
100 ## - HEADING--PERSONAL NAME
- Personal name: Khalid Masood Khan
670 ## - SOURCE DATA FOUND
- Source citation: Work cat.: (NUST): Khalid Masood Khan, Abba Kahan Say Labba Tha, N.D.
